Neposedné hříbátko /

Hlavní autor: Pospíšilová, Zuzana, 1975-
Další autoři: Stolarczyk, Monika
Jazyk: Čeština
Vydáno: Říčany u Prahy : Junior, 2011
Témata:
Fyzický popis: [12] s. : vše barev. il. ; 19 cm
Knihy
Uloženo v:
LEADER 01255cam a2200361 a 4500
001 nkc20112249294
003 CZ PrNK
005 20120308082046.0
007 ta
008 111013s2011 xr a a 000 1 cze d
015 |a cnb002249294 
020 |a 978-80-7267-446-6  |q (váz.) 
035 |a (OCoLC)780138246 
040 |a ULG001  |b cze  |d ABA001 
072 7 |a 821-93  |x Literatura pro děti a mládež (beletrie)  |2 Konspekt  |9 26 
080 |a 821-93  |2 MRF 
080 |a (0.025.2)  |2 MRF 
100 1 |a Pospíšilová, Zuzana,  |d 1975-  |7 mzk2006331486  |4 aut 
245 1 0 |a Neposedné hříbátko /  |c [text Zuzana Pospíšilová ; ilustrace Monika Stolarczyk] 
260 |a Říčany u Prahy :  |b Junior,  |c 2011 
300 |a [12] s. :  |b vše barev. il. ;  |c 19 cm 
500 |a Podle polského vyd.? 
500 |a Kartonové listy 
655 7 |a leporela  |7 fd132727  |2 czenas 
655 7 |a publikace pro děti  |7 fd133156  |2 czenas 
655 9 |a folding picture-books  |2 eczenas 
655 9 |a children's literature  |2 eczenas 
700 1 |a Stolarczyk, Monika  |7 mzk2005306772  |4 ill 
910 2 |a BOA001  |b M1-1278.820 
990 |a BK 
995 |a 01 
991 |b 201202  |e db 
996 6 |b 2610501777  |c M1-1278.820  |l MZK  |r Sklad / do 24 hodin  |n 0  |p p.v.  |w 001227068  |u 000010  |a 1  |e BOA001  |j MZK50  |s P